000 01132nam a2200301 i 4500
001 bg
003 BPK
005 20191028151743.0
008 980713s1996 pl a f f |000 0 pol
015 _aPB 1997/4854
020 _a8386537396
040 _aWA N
_cBPK
080 _a669.017/.018
080 _a(075.8)
245 0 0 _aMetaloznawstwo :
_bpraca zbiorowa /
_c[aut. Stanisław Butnicki et al.] ; Politechnika Gdańska.
250 _aWyd. [3] zm. i popr. /
_bpod red. Marii Głowackiej.
260 _aGdańsk :
_bWydaw. PG,
_c1996.
300 _a383 s., [1] k. tabl. złoż. :
_bfot., rys., wykr. ;
_c24 cm.
504 _aBibliogr. s. 382-383.
521 _aSkrypt dla studentów Wydz. Mechanicznego, Oceanotechniki i Okrętownictwa oraz Zarządzania i Ekonomii.
655 4 _aPodręczniki akademickie
650 4 _aMetaloznawstwo
700 1 _aButnicki, Stanisław.
700 1 _aGłowacka, Maria.
_eRed.
710 2 _aPolitechnika Gdańska.
_bWydawnictwo.
_4pbl.
942 _2UKD
_cKS
856 _uhttp://koha.tu.koszalin.pl/cgi-bin/koha/opac-detail.pl?biblionumber=31542
_yKatalog online BPK
999 _c31542
_d31542